Central Library OPAC University of Rajshahi

The happy hypocrite / (Record no. 22580)

MARC details
000 -LEADER
fixed length control field 00601nam a2200217 a 4500
001 - CONTROL NUMBER
control field 22580
003 - CONTROL NUMBER IDENTIFIER
rucl marc code BD-RjUL
005 - DATE AND TIME OF LATEST TRANSACTION
control field 20211209000826.0
008 - FIXED-LENGTH DATA ELEMENTS--GENERAL INFORMATION
fixed length control field 140308r19591897enk 000 1 eng d
035 ## - SYSTEM CONTROL NUMBER
System control number (UkLCURL)070011076313
-- (BD-RjUL)22645
040 ## - CATALOGING SOURCE
Original cataloging agency VRU
Transcribing agency VRU
Modifying agency EQO
-- BD-RjUL
Language of cataloging eng
041 ## - LANGUAGE CODE
Language code of text/sound track or separate title eng
082 04 - DEWEY DECIMAL CLASSIFICATION NUMBER
Classification number 824.91
Author mark and year BEH 1959
100 1# - MAIN ENTRY--PERSONAL NAME
Personal name Beerbohm, Max,
Dates associated with a name 1872-1956
9 (RLIN) 50419
245 14 - TITLE STATEMENT
Title The happy hypocrite /
Statement of responsibility, etc. by Max Beerbohm.
260 ## - PUBLICATION, DISTRIBUTION, ETC. (IMPRINT)
Place of publication, distribution, etc. London :
Name of publisher, distributor, etc. The Bodley Head,
Date of publication, distribution, etc. 1959.
300 ## - PHYSICAL DESCRIPTION
Pagination 59 p. ;
Size 20 cm.
650 07 - SUBJECT ADDED ENTRY--TOPICAL TERM
Topical term or geographic name as entry element Fiction.
9 (RLIN) 69701
942 ## - ADDED ENTRY ELEMENTS (KOHA)
Source of classification or shelving scheme Dewey Decimal Classification
Koha item type Books
Holdings
Lost status Source of classification or shelving scheme Damaged status Not for loan Permanent Location Current Location Shelving location Date acquired Source of acquisition Cost, normal purchase price Total Checkouts Full call number Date last seen Copy number Koha item type
  Dewey Decimal Classification   Added to bundle Central Library, University of Rajshahi Central Library, University of Rajshahi Reading Room 15/02/1963 Zeitlinger 6.00   824.91 BEH 1959 08/03/2014 C-1 Books